Carregant...
Access programming for dummies/
| Autor principal: | |
|---|---|
| Format: | Printed Book |
| Idioma: | English |
| Publicat: |
New Delhi:
Comdex computer publishing,
1996.
|
| Matèries: |
| LEADER | 00476 a2200145 4500 | ||
|---|---|---|---|
| 008 | 090313t xxu||||| |||| 00| 0 eng d | ||
| 100 | |a Krumm, Rob. |9 2544 | ||
| 245 | |a Access programming for dummies/ |c Rob Krumm | ||
| 260 | |a New Delhi: |b Comdex computer publishing, |c 1996. | ||
| 300 | |a 372p. | ||
| 650 | |a SQL. |9 2545 | ||
| 700 | |a Krumm, Rob |9 2546 | ||
| 942 | |2 ddc |c BK |6 _ | ||
| 999 | |c 84767 |d 84767 | ||
| 952 | |0 0 |1 0 |2 ddc |4 0 |6 _ |7 0 |9 105968 |a DCA |b DCA |d 2009-03-13 |p CA000721 |r 2009-03-13 |w 2009-03-13 |y BK | ||